[Event "16 Fev 2021 21:29"]
[Site "http://www.queenalice.com/game.php?id=1643895"]
[Date "2021.2.17"]
[Round "-"]
[White "zubarev"]
[Black "Wigmont"]
[Result "0-1"]
[WhiteElo "1190"]
[BlackElo "1636"]

1. d4 h6 2. e4 e6 3. Nc3 c6 4. Nf3 Qa5 5. Bd2 Nf6 6. Bd3 d5 7. e5 Nh5 8. O-O Na6
9. Qe2 g5 10. Ne1 f5 11. Qxh5+ Kd8 12. Ne4 Qb6 13. Nf6 Be7 14. b3 Qxd4 15. Rb1
Qxe5 16. Bxg5 f4 17. Nf3 Qc7 18. Ng4 Bd7 19. Bxe7+ Kxe7 20. Qh4+ Kd6 21. Qf6 h5
22. c4 Nb4 23. Qe5+ Ke7 24. Qxc7 Nxd3 25. Nge5 Nc5 26. Ng6+ Kf7 27. Nfe5+ Kf6
28. Nxh8 Rxh8 29. Nxd7+ Nxd7 30. Qxd7 Rg8 0-1

[Event "Adolf Merkel"]
[Site "http://www.queenalice.com/game.php?id=1646731"]
[Date "2021.3.15"]
[Round "-"]
[White "dejami"]
[Black "Wigmont"]
[Result "0-1"]
[WhiteElo "1661"]
[BlackElo "1615"]

1. e4 e5 2. Bc4 Qf6 3. Nf3 Nh6 4. d3 Ng4 5. h3 Nxf2 6. Kxf2 Bc5+ 7. Be3 Qb6 8.
Bxc5 Qxc5+ 9. Ke2 Nc6 10. a3 d6 11. b4 Qb6 12. Nc3 O-O 13. Nd5 Nd4+ 14. Nxd4
Qxd4 15. Nxc7 b5 16. Nxb5 Qb6 17. g4 Be6 18. a4 d5 19. exd5 Rae8 20. a5 Qd8 21.
dxe6 fxe6 22. Nxa7 Qh4 23. Nc6 Qf2# 0-1

[Event "vaccine genocide"]
[Site "http://www.queenalice.com/game.php?id=1646732"]
[Date "2021.3.15"]
[Round "-"]
[White "Wigmont"]
[Black "vangogh"]
[Result "1-0"]
[WhiteElo "1600"]
[BlackElo "1583"]

1. e4 e5 2. d3 d5 3. Nc3 d4 4. Nb5 c6 5. Na3 Bxa3 6. bxa3 Qa5+ 7. Bd2 Qxa3 8.
Qf3 Qb2 9. Rc1 Qxa2 10. Nh3 Bxh3 11. gxh3 Qb2 12. Rg1 g6 13. h4 Nf6 14. Qxf6 O-O
15. h5 Nd7 16. Qe7 Nc5 17. Qxc5 f5 18. h6 Rfe8 19. Qd6 f4 20. Rxg6+ hxg6 21.
Qxg6+ Kf8 22. Qg7# 1-0

[Event "black pope"]
[Site "http://www.queenalice.com/game.php?id=1646733"]
[Date "2021.3.15"]
[Round "-"]
[White "Wigmont"]
[Black "adriano1953"]
[Result "1-0"]
[WhiteElo "1575"]
[BlackElo "1789"]

1. e4 e5 2. Bc4 Nf6 3. d3 Bc5 4. Qf3 Nc6 5. c3 O-O 6. Nh3 d6 7. Qg3 Nh5 8. Qf3
Qh4 9. Ng5 Nf6 10. g3 Qg4 11. Nd2 Qxf3 12. Ndxf3 Bg4 13. Nh4 h6 14. Ng6 hxg5 15.
h4 gxh4 16. Rxh4 Bh5 17. b4 Bxb4 18. cxb4 Bxg6 19. Bg5 Nxb4 20. O-O-O Nd7 21.
Rdh1 1-0

[Event "royal swamp"]
[Site "http://www.queenalice.com/game.php?id=1646734"]
[Date "2021.3.15"]
[Round "-"]
[White "Camy"]
[Black "Wigmont"]
[Result "0-1"]
[WhiteElo "1483"]
[BlackElo "1640"]

1. d4 d5 2. e3 f5 3. Nc3 Nf6 4. h3 Nc6 5. Bd3 e6 6. Nf3 Bd6 7. a3 a6 8. O-O g5
9. Nxg5 Qe7 10. b3 h5 11. Bd2 Ng4 12. hxg4 Qxg5 13. f4 Qh4 14. Be1 Qe7 15. g5
Bd7 16. b4 O-O-O 17. Bh4 e5 18. dxe5 Nxe5 19. fxe5 Qxe5 20. Qf3 Qxc3 21. Rfc1
Rdf8 22. Be1 Qg7 23. Qxd5 Qxg5 24. Bc3 Bc6 25. Qe6+ Kb8 26. a4 Qxg2# 0-1

[Event "Let's Play Chess!"]
[Site "http://www.queenalice.com/game.php?id=1757915"]
[Date "2021.4.29"]
[Round "-"]
[White "charles31"]
[Black "Wigmont"]
[Result "1-0"]
[WhiteElo "1708"]
[BlackElo "1633"]

1. e4 e5 2. Nf3 d6 3. h3 Nf6 4. Bb5+ c6 5. Ba4 g6 6. Nc3 Nh5 7. d4 Nd7 8. dxe5
b5 9. Bb3 Bg7 10. exd6 a5 11. h4 h6 12. a3 O-O 13. g4 Nhf6 14. g5 1-0

[Event "The Great Outdoors"]
[Site "http://www.queenalice.com/game.php?id=1757949"]
[Date "2021.4.29"]
[Round "-"]
[White "Denderlersidst"]
[Black "Wigmont"]
[Result "1-0"]
[WhiteElo "1710"]
[BlackElo "1630"]

1. d4 d5 2. Nc3 h6 3. h4 Bf5 4. f3 Nc6 5. e4 Bg6 6. exd5 Nb4 7. Bd3 a6 8. Bxg6
fxg6 9. a3 Nxd5 10. Nxd5 Qxd5 11. Ne2 e6 12. Bf4 O-O-O 13. c3 g5 14. hxg5 Ne7
15. Qd3 Nf5 16. g4 Bd6 17. gxf5 Rde8 18. O-O-O exf5 19. gxh6 gxh6 20. Rxh6 Rhf8
21. Bxd6 cxd6 22. Nf4 Qa2 23. Rxd6 Rh8 24. Qxf5+ Kb8 25. Qd5 Qa1+ 26. Kc2 Rh2+
27. Rd2 Rh1 28. Rd8+ Rxd8 29. Qxd8+ Ka7 30. Nd5 Qc1+ 31. Kd3 Rh3 32. Qf6 Qf1+
33. Ke3 Qg1+ 34. Ke4 Qe1+ 35. Kd3 Qb1+ 36. Ke3 Qa2 37. Qb6+ Kb8 38. Qc7+ Ka7 39.
Qc5+ Kb8 40. Rg2 Rh8 41. Rg7 Qxb2 42. Nb6 Qc1+ 43. Ke4 Qe1+ 44. Kd5 Rh5+ 45. Kd6
Rxc5 46. Nd7+ Ka7 47. Nxc5 a5 48. Rxb7+ Ka8 49. Rb3 Qg3+ 50. Kc6 Qxf3+ 51. Kb5
Kb8 52. Kxa5+ Kc7 53. a4 Qd5 54. Kb5 Kd6 55. a5 Qc6+ 56. Kb4 Kd5 57. a6 Qb6+ 58.
Ka3 Qa5+ 59. Kb2 Kc4 60. Ra3 Qb6+ 61. Kc2 Kd5 62. a7 Qg6+ 63. Kb2 Kc4 64. a8=Q
Qb6+ 65. Rb3 Qxb3+ 66. Nxb3 1-0

[Event "Tossup"]
[Site "http://www.queenalice.com/game.php?id=1758749"]
[Date "2021.5.6"]
[Round "-"]
[White "Wigmont"]
[Black "vangogh"]
[Result "1-0"]
[WhiteElo "1620"]
[BlackElo "1581"]

1. a3 e5 2. e4 d5 3. Nf3 dxe4 4. Nxe5 f6 5. Ng4 Bxg4 6. Qxg4 Qd5 7. Nc3 Nh6 8.
Nxd5 Nxg4 9. Nxc7+ Kd8 10. Nxa8 Bc5 11. Be2 Nxf2 12. Rf1 1-0

[Event "Tossup2"]
[Site "http://www.queenalice.com/game.php?id=1758750"]
[Date "2021.5.6"]
[Round "-"]
[White "vangogh"]
[Black "Wigmont"]
[Result "0-1"]
[WhiteElo "1565"]
[BlackElo "1650"]

1. e4 e5 2. d4 Qh4 3. Qd3 Nc6 4. Nf3 Qe7 5. Nc3 Qb4 6. a3 Qd6 7. dxe5 Nxe5 8.
Qxd6 Bxd6 9. Be2 Nf6 10. O-O h6 11. Bf4 Nxf3+ 12. gxf3 Bxf4 13. Nb5 d5 14. Rfd1
c6 15. Nc3 Bh3 16. Re1 O-O-O 17. Rad1 Rhg8 18. Rd4 g5 19. Bd3 g4 20. e5 gxf3+
21. Kh1 Ng4 22. Rg1 Nxf2# 0-1

[Event "Operation Paperclip"]
[Site "http://www.queenalice.com/game.php?id=1758751"]
[Date "2021.5.6"]
[Round "-"]
[White "Wigmont"]
[Black "dejami"]
[Result "0-1"]
[WhiteElo "1574"]
[BlackElo "1672"]

1. a3 e5 2. e4 d6 3. c4 c5 4. h3 Nc6 5. d3 Nd4 6. Nc3 h6 7. Be3 Ne6 8. Nf3 Qa5
9. b4 cxb4 10. axb4 Qxb4 11. Bd2 Qb6 12. Nd5 Qd8 13. Ba5 Qd7 14. Be2 Qc6 15. Bd2
g5 16. O-O Ne7 17. Nf6+ Kd8 18. Bc3 Nf4 19. Nxe5 dxe5 20. Bxe5 Neg6 21. d4 Nxe5
22. dxe5+ Kc7 23. Nd5+ Kb8 24. Bg4 Bxg4 25. hxg4 Bc5 26. Qb3 Ne6 27. Rfd1 Nd4
28. Qb2 Ne6 29. Rab1 Rd8 30. Nc3 Kc8 31. Nd5 b6 32. Nb4 Bxb4 33. Qxb4 Kc7 34.
Rdc1 Rd4 35. g3 Nc5 0-1

[Event "Paperclip"]
[Site "http://www.queenalice.com/game.php?id=1758752"]
[Date "2021.5.6"]
[Round "-"]
[White "Wigmont"]
[Black "adriano1953"]
[Result "0-1"]
[WhiteElo "1663"]
[BlackElo "1764"]

1. e4 e5 2. a3 Nf6 3. Nh3 d6 4. Bc4 Bxh3 5. gxh3 Nxe4 6. Qf3 d5 7. d3 Nf6 8. Bb3
Nc6 9. c3 Be7 10. Qg2 g6 11. h4 Qd7 12. Bd1 O-O-O 13. O-O Nh5 14. b4 Bxh4 15.
Nd2 Nf4 16. Qf3 Ne7 17. d4 f6 18. c4 dxc4 19. Nxc4 Qxd4 20. Na5 Nfd5 21. Rb1 Kb8
22. Be3 Qb6 23. Bxb6 axb6 24. Qb3 bxa5 25. bxa5 b6 26. Qa4 Bxf2+ 27. Rxf2 Nc3
28. Qc4 Nxb1 29. Bf3 Rd4 30. Qa6 e4 31. axb6 Nc6 32. b7 Na7 33. Rb2 Nc3 34. Qxf6
Rhd8 35. Bg4 e3 36. Qe5 Rxg4+ 37. Kf1 e2+ 38. Ke1 Rd1+ 39. Kf2 Rf1+ 40. Ke3
e1=Q+ 41. Kd3 Qxe5 0-1

[Event "Time exhausted???"]
[Site "http://www.queenalice.com/game.php?id=1759103"]
[Date "2021.5.10"]
[Round "-"]
[White "Wigmont"]
[Black "charles31"]
[Result "0-1"]
[WhiteElo "1651"]
[BlackElo "1719"]

1. a3 e5 2. e4 Nf6 3. d3 Bc5 4. Qd2 d6 5. h3 Na6 6. Nf3 Be6 7. Nc3 h6 8. Be2 c6
9. b4 Bb6 10. O-O Qd7 11. a4 Nxb4 12. a5 Bc7 13. Na4 Na6 14. Bb2 b6 15. c4 bxa5
16. Rab1 c5 17. Rfe1 Qxa4 18. d4 cxd4 19. c5 dxc5 20. Bxa6 c4 21. Qe2 Bb6 22.
Nxe5 O-O 23. Qf3 c3 24. Bc1 Bc7 25. Bb5 Qa2 26. Bf4 Bb6 27. Qg3 Bc4 28. Nxc4 d3
29. Nd6 c2 30. Nf5 g6 31. e5 cxb1=Q 32. Ne7+ Kh7 33. Bxd3 Qxe1+ 34. Kh2 Ne4 35.
Qh4 h5 36. Nxg6 Kxg6 37. Qf6+ Kh7 38. Bh6 Rg8 39. Bf4 Rxg2+ 40. Kxg2 Qaxf2# 0-1

[Event "Plandemic"]
[Site "http://www.queenalice.com/game.php?id=1762950"]
[Date "2021.6.24"]
[Round "-"]
[White "Wigmont"]
[Black "vangogh"]
[Result "0-1"]
[WhiteElo "1591"]
[BlackElo "1537"]

1. b3 e5 2. e4 d5 3. d3 d4 4. Nf3 Bg4 5. Nbd2 Bb4 6. h3 Bxf3 7. Qxf3 Qf6 8. Qg3
h5 9. Be2 h4 10. Qg4 Nc6 11. O-O Nh6 12. Qf3 Qxf3 13. Nxf3 Ng8 14. Bg5 Be7 15.
Bd2 O-O-O 16. c4 Nf6 17. Ng5 Rhf8 18. a4 a5 19. f4 Bc5 20. fxe5 Nxe5 21. Rf5 Bd6
22. c5 Bxc5 23. Rxe5 Nd7 24. Bg4 b6 25. Nf3 g6 26. b4 Bxb4 27. Bxb4 axb4 28.
Nxd4 Kb7 29. Rb5 c6 30. Rxb4 c5 31. Rc4 cxd4 32. a5 Ne5 33. a6+ Ka7 34. Rc7+ Kb8
35. Rac1 Nxg4 36. R7c6 Ka7 37. Ra1 Ne5 38. Rc7+ Kb8 39. Rb7+ Ka8 0-1

[Event "Plandemic"]
[Site "http://www.queenalice.com/game.php?id=1762951"]
[Date "2021.6.24"]
[Round "-"]
[White "Wigmont"]
[Black "Camy"]
[Result "0-1"]
[WhiteElo "1551"]
[BlackElo "1442"]

1. b3 d5 2. d4 e6 3. Bd2 h6 4. Na3 a6 5. e3 Nc6 6. Nb1 Nf6 7. Bd3 Bd6 8. c4 dxc4
9. bxc4 e5 10. d5 Ne7 11. Nf3 O-O 12. h3 e4 13. Bc2 exf3 14. gxf3 Bf5 15. e4 Be5
16. Bxh6 gxh6 17. Rg1+ Bg6 18. f4 Bxf4 19. Qf3 Kh8 20. Qxf4 Nh5 21. Qxh6+ Kg8
22. Na3 Qd6 23. Nb1 Qb4+ 24. Nd2 Qb2 25. Nb3 Qxc2 26. e5 Nf5 27. Qxh5 Qc3+ 28.
Ke2 Qxe5+ 29. Kf1 Rfe8 0-1

[Event "Mel Gibson"]
[Site "http://www.queenalice.com/game.php?id=1762952"]
[Date "2021.6.24"]
[Round "-"]
[White "zubarev"]
[Black "Wigmont"]
[Result "0-1"]
[WhiteElo "1155"]
[BlackElo "1531"]

1. d4 d5 2. Nc3 Nf6 3. Nf3 Bg4 4. e3 c6 5. Be2 e6 6. O-O Nh5 7. h3 Bxh3 8. gxh3
Qf6 9. Kh2 Nd7 10. Ne5 g6 0-1

[Event "Plandemic"]
[Site "http://www.queenalice.com/game.php?id=1762953"]
[Date "2021.6.24"]
[Round "-"]
[White "dejami"]
[Black "Wigmont"]
[Result "1-0"]
[WhiteElo "1684"]
[BlackElo "1562"]

1. e4 e5 2. Bc4 Qf6 3. Nf3 Qg6 4. O-O d6 5. Nh4 Qxe4 6. Nf3 Qxc4 7. d3 Qe6 8.
Ng5 Qg6 9. h3 d5 10. f4 Nd7 11. f5 Bc5+ 12. Kh1 Qf6 13. Nc3 c6 14. a3 Ne7 15. g4
e4 16. dxe4 Qe5 17. Nf3 Qg3 18. Ne2 Qxh3+ 19. Nh2 Nf6 20. Nf4 g5 21. Nxh3 Nxe4
22. Bxg5 h5 23. Bxe7 Bxe7 24. f6 Bxf6 25. Rxf6 Nxf6 26. g5 1-0

[Event "Plandemic"]
[Site "http://www.queenalice.com/game.php?id=1762954"]
[Date "2021.6.24"]
[Round "-"]
[White "adriano1953"]
[Black "Wigmont"]
[Result "1-0"]
[WhiteElo "1776"]
[BlackElo "1641"]

1. d4 d5 2. c4 Nf6 3. Bg5 Nbd7 4. Nc3 Nb6 5. e3 Bf5 6. Bxf6 gxf6 7. Nf3 e5 8.
cxd5 Bb4 9. Qb3 Ba5 10. Bb5+ Bd7 11. Bxd7+ Qxd7 12. O-O O-O-O 13. dxe5 h5 14.
Rad1 Qf5 15. exf6 Rdg8 16. Nh4 Qh3 17. g3 Nd7 18. Ne4 b6 19. Qc4 Ne5 20. Qe2 Ng4
21. Nf3 h4 22. d6 hxg3 23. fxg3 b5 24. dxc7 a6 25. a4 Bxc7 26. Rc1 Kb7 27. axb5
Nxf6 28. bxa6+ Kb8 29. Qb5+ Kc8 30. Qb7+ Kd7 31. Nxf6+ Ke6 32. Nxg8 Bxg3 33.
Ng5+ Ke5 34. Rc5+ Kd6 35. Qc7# 1-0

[Event "Plandemic"]
[Site "http://www.queenalice.com/game.php?id=1762996"]
[Date "2021.6.25"]
[Round "-"]
[White "charles31"]
[Black "Wigmont"]
[Result "0-1"]
[WhiteElo "1711"]
[BlackElo "1621"]

1. e4 e5 2. Nf3 d6 3. h3 Be6 4. Bb5+ c6 5. Ba4 Nf6 6. Nc3 Na6 7. a3 d5 8. exd5
Nc5 9. dxc6 bxc6 10. Nxe5 Qb6 11. d4 Rd8 12. Nxc6 Nxa4 13. Nxd8 Qxd8 14. Nxa4
Qa5+ 15. Nc3 Bd6 16. Bd2 O-O 17. Ne4 Qd5 18. Nxf6+ gxf6 19. f3 Kh8 20. f4 Rg8
21. Qe2 Qxd4 22. c3 Qb6 23. Be3 Qb7 24. g4 Qxh1+ 25. Qf1 Qe4 26. Rd1 Bc7 27. Qf2
Bb6 28. f5 Bxe3 29. Qe2 Bc4 30. Qh2 Bf4+ 0-1

[Event "Let's Play Chess!"]
[Site "http://www.queenalice.com/game.php?id=1764561"]
[Date "2021.7.17"]
[Round "-"]
[White "igorjava"]
[Black "Wigmont"]
[Result "1-0"]
[WhiteElo "2032"]
[BlackElo "1587"]

1. e4 e5 2. f4 Nc6 3. Nf3 d6 4. Bc4 Qf6 5. f5 g6 6. d3 Nge7 7. Bg5 Qg7 8. f6 Qg8
9. fxe7 Bxe7 10. Bh6 g5 11. Qd2 Qg6 12. Bxg5 Be6 13. Bxe6 fxe6 14. Nc3 a6 15.
Bxe7 Nxe7 16. O-O-O b5 17. Nh4 Qf6 18. g3 d5 19. Rhf1 Qg7 20. Rf2 d4 21. Ne2 c5
22. Rdf1 Nc6 23. Rf7 Qg8 24. Qh6 O-O-O 25. Qxe6+ Kb8 26. Qxc6 Qg5+ 27. Kb1 Qh5
28. Qb7# 1-0

[Event "Rolling Stones"]
[Site "http://www.queenalice.com/game.php?id=1764563"]
[Date "2021.7.17"]
[Round "-"]
[White "JumpingJack"]
[Black "Wigmont"]
[Result "0-1"]
[WhiteElo "1511"]
[BlackElo "1573"]

1. d4 d5 2. Nc3 e6 3. Nf3 a6 4. e4 Nf6 5. e5 Ng4 6. h3 Nxf2 7. Qd3 Nxh1 8. Bg5
f6 9. exf6 gxf6 10. Bf4 Nc6 11. O-O-O e5 12. dxe5 Nf2 0-1

[Event "Federer"]
[Site "http://www.queenalice.com/game.php?id=1764564"]
[Date "2021.7.17"]
[Round "-"]
[White "dosoldini"]
[Black "Wigmont"]
[Result "1-0"]
[WhiteElo "1573"]
[BlackElo "1608"]

1. Nc3 c6 2. e4 e5 3. Nf3 d6 4. Bc4 Nh6 5. h3 a6 6. d4 Nd7 7. Be3 Qb6 8. Rb1 c5
9. Nd5 Qd8 10. Ng5 b5 11. Be2 Nb8 12. O-O Bb7 13. dxc5 Nc6 14. Bh5 g6 15. f4 Ne7
16. Bg4 Nxd5 17. exd5 Qf6 18. c6 Bc8 19. Ne4 Qh4 20. g3 Qd8 21. Bxc8 Rxc8 22.
Qf3 Nf5 23. Bf2 h5 24. Ng5 exf4 25. Rbe1+ Be7 26. Ne4 g5 27. g4 Nh4 28. Bxh4
gxh4 29. Qxf4 f6 30. Nxf6+ Kf7 31. Nd7+ Ke8 32. Qf7# 1-0

[Event "Operation Paperclip"]
[Site "http://www.queenalice.com/game.php?id=1764565"]
[Date "2021.7.17"]
[Round "-"]
[White "Boltonben"]
[Black "Wigmont"]
[Result "1-0"]
[WhiteElo "1703"]
[BlackElo "1585"]

1. e4 e5 2. d4 Nc6 3. d5 Nd4 4. c3 c5 5. cxd4 cxd4 6. Nf3 Bc5 7. Nxe5 Qe7 8. f4
d6 9. Nc4 Nf6 10. Bd3 O-O 11. e5 Re8 12. O-O dxe5 13. fxe5 Nxd5 14. Qf3 Be6 15.
Nbd2 Qc7 16. Ne4 Rad8 17. Nxc5 Qxc5 18. b3 Qc7 19. Bb2 b5 20. Nd2 Qxe5 21. Bxb5
Bd7 22. Qxf7+ Kh8 23. Bxd7 h5 24. Bxe8 Qg5 25. Bxd4 Nf6 26. Bxf6 gxf6 27. Ne4
Qe3+ 28. Kh1 Qxe4 29. Qxf6+ Kh7 30. Qxd8 h4 31. Rf7+ Kg6 32. Rf4+ Qxe8 33. Qxe8+
1-0